[Event "Bucharest Spring Festival (Women)"]
[Site "Bucharest"]
[Date "2003.03.04"]
[Round "2"]
[White "Ciobanu, Camelia Adriana"]
[Black "Osman, Mihai"]
[Result "1-0"]
[WhiteElo "2204"]
[BlackElo "2133"]
[PlyCount "74"]
[EventDate "2003.03.04"]
[EventType "tourn"]
[EventRounds "11"]
[EventCountry "ROU"]
[SourceTitle "CBM 093 Extra"]
[Source "ChessBase"]
[SourceDate "2003.05.09"]
[SourceVersion "1"]
[SourceVersionDate "2003.05.09"]
[SourceQuality "1"]

1. e4 e6 2. d3 d5 3. Nd2 dxe4 4. dxe4 Bc5 5. Ngf3 Nf6 6. Bc4 e5 7. 0-0 Qe7 8. c3 a5 9. a4 0-0 10. h3 b6 11. Re1 Ba6 12. Qe2 Bxc4 13. Nxc4 Nbd7 14. Bg5 h6 15. Bh4 g5 16. Bg3 Nh5 17. Bxe5 Nxe5 18. Ncxe5 Nf4 19. Qc4 Qe6 20. Qxe6 Nxe6 21. Rad1 Rfd8 22. Nc6 Rxd1 23. Rxd1 Kf8 24. Nfe5 f6 25. Ng4 Kg7 26. Rd7+ Kg6 27. Ne7+ Bxe7 28. Rxe7 Nc5 29. Ne3 Rf8 30. b4 axb4 31. cxb4 Nxa4 32. Rxc7 Rf7 33. Rc6 b5 34. e5 Kg7 35. e6 Ra7 36. Nf5+ Kg6 37. e7 Kf7 1-0

[Event "Bucharest Autumn Cup"]
[Site "Bucharest"]
[Date "2002.10.03"]
[Round "9"]
[White "Nita, Lucian"]
[Black "Osman, Mihai"]
[Result "1-0"]
[WhiteElo "2265"]
[BlackElo "2083"]
[PlyCount "79"]
[EventDate "2002.09.25"]
[EventType "tourn"]
[EventRounds "11"]
[EventCountry "ROU"]
[EventCategory "2"]
[SourceTitle "CBM 090 Extra"]
[Source "ChessBase"]
[SourceDate "2002.11.07"]
[SourceVersion "1"]
[SourceVersionDate "2002.11.07"]
[SourceQuality "1"]

1. e4 c5 2. Nf3 d6 3. d4 Nf6 4. Nc3 cxd4 5. Qxd4 a6 6. Bg5 Nc6 7. Qd2 b5 8. Bd3 e6 9. 0-0 Be7 10. Rfe1 Ne5 11. Nxe5 dxe5 12. a4 b4 13. Na2 Rb8 14. Qe2 Bc5 15. c3 bxc3 16. bxc3 h6 17. Bh4 a5 18. Bb5+ Ke7 19. Nc1 Bd7 20. Nb3 Qb6 21. Nxc5 Qxc5 22. c4 Rhd8 23. Red1 Bc6 24. Bxc6 Qxc6 25. f3 Rxd1+ 26. Rxd1 g5 27. Be1 Qxa4 28. Qd3 Ne8 29. Bc3 Rc8 30. c5 Qc6 31. Bxa5 Qxc5+ 32. Kh1 Nd6 33. Be1 Rc6 34. Qd2 Qb5 35. h4 f6 36. Bf2 Ra6 37. Kh2 Rc6 38. Ra1 Rc7 39. Ra5 Qc4 40. Ra8 1-0

[Event "Bucharest Autumn Cup"]
[Site "Bucharest"]
[Date "2002.09.25"]
[Round "1"]
[White "Mateuta, Gabriel"]
[Black "Osman, Mihai"]
[Result "1-0"]
[WhiteElo "2408"]
[BlackElo "2083"]
[PlyCount "75"]
[EventDate "2002.09.25"]
[EventType "tourn"]
[EventRounds "11"]
[EventCountry "ROU"]
[EventCategory "2"]
[SourceTitle "CBM 090 Extra"]
[Source "ChessBase"]
[SourceDate "2002.11.07"]
[SourceVersion "1"]
[SourceVersionDate "2002.11.07"]
[SourceQuality "1"]

1. d4 d5 2. Nf3 Nf6 3. c4 dxc4 4. e3 e6 5. Bxc4 c5 6. 0-0 cxd4 7. exd4 Be7 8. Nc3 0-0 9. Re1 Nbd7 10. Bg5 Nb6 11. Bb3 Nfd5 12. Bxe7 Nxe7 13. Qd3 Ng6 14. Qe4 Rb8 15. Ne5 Nd7 16. Rad1 Ndxe5 17. dxe5 Qe7 18. Nb5 b6 19. Nd6 Bb7 20. Qe3 Ba8 21. f3 Rfd8 22. Rd4 b5 23. Red1 a6 24. R4d2 Qc7 25. Kf2 h6 26. g3 Ne7 27. Rc2 Qb6 28. Qxb6 Rxb6 29. Nc8 Rxd1 30. Nxb6 Rd8 31. Nxa8 Rxa8 32. Rc7 Kf8 33. f4 Ke8 34. g4 a5 35. Rc5 a4 36. Bc2 Rc8 37. Rxc8+ Nxc8 38. Bd3 1-0

[Event "Bucharest Juventus"]
[Site "Bucharest"]
[Date "2002.08.15"]
[Round "10"]
[White "Osman, Mihai"]
[Black "Tikhomirov, Sergei"]
[Result "0-1"]
[WhiteElo "2083"]
[BlackElo "2316"]
[PlyCount "108"]
[EventDate "2002.08.05"]
[EventType "tourn"]
[EventRounds "11"]
[EventCountry "ROU"]
[EventCategory "3"]
[SourceTitle "CBM 089 Extra"]
[Source "ChessBase"]
[SourceDate "2002.09.10"]
[SourceVersion "2"]
[SourceVersionDate "2002.09.10"]
[SourceQuality "1"]

1. e4 e5 2. Nc3 Nc6 3. Nf3 g6 4. d4 exd4 5. Nd5 Bg7 6. Bg5 Nce7 7. Nxd4 h6 8. Be3 Nxd5 9. exd5 Nf6 10. Qf3 d6 11. Bb5+ Bd7 12. Bxd7+ Qxd7 13. h3 Qa4 14. 0-0 Qc4 15. Qe2 Qxe2 16. Nxe2 Nxd5 17. Bd4 Bxd4 18. Nxd4 0-0-0 19. Rfe1 Rhe8 20. g3 a6 21. a3 Rxe1+ 22. Rxe1 Kd7 23. Rd1 Nf6 24. Kg2 Re8 25. Kf3 Re5 26. g4 b5 27. Ne2 c5 28. Nf4 Kc6 29. Nd3 Re7 30. Nf4 a5 31. h4 a4 32. h5 gxh5 33. gxh5 Re5 34. Rh1 Rf5 35. Rh4 d5 36. Ke2 Re5+ 37. Kf3 Kd6 38. Rh2 Rf5 39. Kg3 d4 40. f3 Rg5+ 41. Kf2 Nd5 42. Ng2 c4 43. Rh1 Kc5 44. f4 Rg8 45. Rc1 Re8 46. Kf3 f5 47. Re1 Rxe1 48. Nxe1 Nf6 49. Ng2 Nxh5 50. Nh4 Ng7 51. Ng6 h5 52. Nh4 c3 53. bxc3 Kc4 54. Ke2 Kxc3 0-1

[Event "Bucharest Winter Cup"]
[Site "Bucharest"]
[Date "2001.12.16"]
[Round "6"]
[White "Osman, Mihai"]
[Black "Ionescu, Cristian Dan"]
[Result "1-0"]
[WhiteElo "2138"]
[BlackElo "2312"]
[PlyCount "97"]
[EventDate "2001.12.11"]
[EventType "tourn"]
[EventRounds "11"]
[EventCountry "ROU"]
[EventCategory "2"]
[SourceTitle "CBM 085 Extra"]
[Source "ChessBase"]
[SourceDate "2002.01.21"]
[SourceVersion "1"]
[SourceVersionDate "2002.01.21"]
[SourceQuality "1"]

1. e4 c5 2. c4 g6 3. Nc3 Bg7 4. g3 Nc6 5. Bg2 e6 6. d3 Nge7 7. a3 0-0 8. Nge2 d6 9. Rb1 b6 10. b4 Bb7 11. 0-0 Qd7 12. h3 Rad8 13. Kh2 Kh8 14. Bg5 h6 15. Bc1 Kh7 16. h4 Ne5 17. Bh3 Nf3+ 18. Kh1 f5 19. Bg2 Ne5 20. Bb2 Ba8 21. Nf4 Ng8 22. Kg1 Nf6 23. Qe2 Rfe8 24. bxc5 dxc5 25. Rbd1 Nc6 26. Rfe1 Nd4 27. Qf1 Ng4 28. h5 g5 29. Ng6 Bc6 30. f3 Ne5 31. Nxe5 Bxe5 32. f4 gxf4 33. gxf4 Bf6 34. Re3 Rg8 35. Kh2 Rg4 36. Bh3 Rg7 37. Nd5 exd5 38. cxd5 Qf7 39. dxc6 Qxh5 40. e5 Bh4 41. Bxd4 Rxd4 42. Qf3 Bg3+ 43. Qxg3 Rxg3 44. Rxg3 Rd8 45. Rdg1 Rc8 46. Rg7+ Kh8 47. c7 Qe2+ 48. R1g2 Qxg2+ 49. Rxg2 1-0